000 00323nam a2200097Ia 4500
008 220120s9999||||xx |||||||||||||| ||und||
100 _aChaitra p s and others
_912831
245 0 _aStabilization of black cotton soil by using cashew nut shell
260 _aCoorg Institute of Technology
_bPonnampet
_c2020
650 _aMECHANICAL
999 _c138431
_d138431